| 000 | 01122nam a2200301 i 4500 | ||
|---|---|---|---|
| 003 | DO-SdBNP | ||
| 005 | 20250521104819.0 | ||
| 007 | ta | ||
| 008 | 250521b1988 xxu||||| |||| 00| 0 spa d | ||
| 040 |
_aDO-SdBNP _bspa _cBNPHU _erda |
||
| 041 | 1 | 7 |
_aeng _hspa |
| 082 | 4 |
_axxx _bxxx _222 |
|
| 100 |
_aCocco Filippis, Daysi de, _eautor _4aut. _920530 |
||
| 245 | 1 | 0 |
_aPoemas del exilio y de otras inquitudes / _cDaysi Cocco de Filippis y Emma Jane Robinett ; traducción, Daysi Cocco de Filippis y Emma Jane Robinett |
| 264 | 1 |
_aNew York : _bEdiciones Alcance, _c1988. |
|
| 300 |
_a75 páginas ; _c21 cm. |
||
| 336 |
_atexto _btxt _2rdacontent |
||
| 337 |
_asin mediación _bn _2rdamedia |
||
| 338 |
_avolumen _bnc _2rdacarrier |
||
| 500 | _atexto en ingles y español | ||
| 500 | _aUna selección bilingue de la poesía escrita por dominicanos en los Estados Unidos | ||
| 504 | _aBibliografía : páginas 75 | ||
| 590 | _aInventariado, 2025/BT | ||
| 700 | 1 |
_aRobinett, Emma Jane, _eautor _etraductor _4aut. _924686 |
|
| 700 | 1 |
_aCocco Filippis, Daysi, de, _etraductor _4tr. _955952 |
|
| 910 | _aBtavárez | ||
| 942 |
_2ddc _cLBS1 |
||
| 999 |
_c59073 _d59073 |
||